00258nam a2200109Ia 4500008004100000100002200041245002600063260002200089650001300111942000700124999001700131190216s9999||||xx |||||||||||||| ||und|| aSreedaran Moosath 0aOormayilum Oru Vishnu bDc Books Kottayam aKathakal cBK c26009d26009